[Event "Warsaw-ch 68th"]
[Site "Warsaw"]
[Date "2019.11.19"]
[Round "9"]
[White "Sadowski, Miroslaw"]
[Black "Cyra, Dariusz"]
[Result "1/2-1/2"]
[WhiteElo "1998"]
[BlackElo "1818"]
[PlyCount "63"]
[EventDate "2019.11.12"]
[EventType "swiss"]
[EventRounds "9"]
[EventCountry "POL"]
[SourceTitle "CBM 193 Extra"]
[Source "ChessBase"]
[SourceDate "2020.01.31"]
[SourceVersion "1"]
[SourceVersionDate "2020.01.31"]
[SourceQuality "1"]

1. d4 Nf6 2. Nf3 e6 3. Bf4 d5 4. e3 c5 5. Be2 Nc6 6. 0-0 Bd6 7. Bxd6 Qxd6 8. c4 0-0 9. Nc3 dxc4 10. Bxc4 a6 11. a4 cxd4 12. Nxd4 e5 13. Nxc6 Qxc6 14. Bd5 Qc5 15. Rc1 Qe7 16. Qb3 Be6 17. Bxe6 Qxe6 18. Qxe6 fxe6 19. Rfd1 Rad8 20. h3 Kf7 21. Kf1 Ke7 22. Ke2 Rxd1 23. Rxd1 Rc8 24. Rd2 Rc4 25. Kd3 Rb4 26. Kc2 Nd7 27. Kb1 Nc5 28. Ka2 a5 29. Ka3 Rb3+ 30. Ka2 Rb4 31. Ka3 Rb3+ 32. Ka2 1/2-1/2

[Event "Warsaw YMCA Autumn-A 190th"]
[Site "Warsaw"]
[Date "2017.10.06"]
[Round "3"]
[White "Choroszej, Aleksander"]
[Black "Sadowski, Miroslaw"]
[Result "1/2-1/2"]
[WhiteElo "2029"]
[BlackElo "2030"]
[PlyCount "51"]
[EventDate "2017.09.19"]
[EventType "tourn"]
[EventRounds "14"]
[EventCountry "POL"]
[SourceTitle "EXT 2019"]
[Source "ChessBase"]
[SourceDate "2018.10.10"]
[SourceVersion "1"]
[SourceVersionDate "2018.10.10"]
[SourceQuality "1"]

1. d4 d6 2. e4 Nf6 3. Nc3 e5 4. Nf3 Nbd7 5. Bc4 Be7 6. 0-0 0-0 7. Re1 c6 8. a4 a5 9. h3 Nb6 10. Ba2 Nfd7 11. Be3 exd4 12. Nxd4 Nc5 13. Bb1 Nc4 14. Bc1 Bg5 15. Ba2 Bxc1 16. Qxc1 Qf6 17. Bxc4 Qxd4 18. Ba2 Kh8 19. Qd1 Qe5 20. Qd2 Qe7 21. Rad1 Rd8 22. Re3 Be6 23. Bxe6 fxe6 24. b3 Qg5 25. Rg3 Qxd2 26. Rxd2 1/2-1/2

[Event "Warsaw YMCA Autumn-A 174th"]
[Site "Warsaw"]
[Date "2016.10.28"]
[Round "6"]
[White "Sadowski, Miroslaw"]
[Black "Praczukowski, Stanislaw"]
[Result "1/2-1/2"]
[WhiteElo "2100"]
[BlackElo "2100"]
[PlyCount "99"]
[EventDate "2016.09.23"]
[EventType "tourn"]
[EventRounds "13"]
[EventCountry "POL"]
[SourceTitle "EXT 2018"]
[Source "ChessBase"]
[SourceDate "2017.10.13"]
[SourceVersion "1"]
[SourceVersionDate "2017.10.13"]
[SourceQuality "1"]

1. d4 Nf6 2. Nf3 g6 3. Bf4 Bg7 4. Nc3 d5 5. Qd2 0-0 6. Bh6 Bf5 7. Bxg7 Kxg7 8. e3 c6 9. Bd3 Bxd3 10. Qxd3 Qd6 11. 0-0 Nbd7 12. e4 dxe4 13. Nxe4 Nxe4 14. Qxe4 Nf6 15. Qe2 Rfd8 16. Rfe1 e6 17. c3 Rac8 18. Rad1 Qd5 19. h3 b5 20. a3 a5 21. Ne5 Nd7 22. Nxd7 Rxd7 23. Qe5+ Qxe5 24. dxe5 Rcd8 25. Rxd7 Rxd7 26. Kf1 g5 27. Ke2 Kg6 28. g4 Rd5 29. Kf3 h5 30. Re2 h4 31. Ke4 Rd1 32. Kf3 Rd3+ 33. Re3 Rd5 34. Ke2 c5 35. Re4 Kg7 36. c4 bxc4 37. Rxc4 Rxe5+ 38. Kd2 f5 39. f3 Rd5+ 40. Ke2 Kf6 41. gxf5 exf5 42. Ra4 Ke5 43. Rc4 Ke6 44. Ra4 Re5+ 45. Kf2 Rd5 46. Ke2 Ke5 47. Rc4 Ke6 48. Ra4 Re5+ 49. Kf2 Rd5 50. Ke2 1/2-1/2

[Event "Warsaw YMCA Autumn-A 174th"]
[Site "Warsaw"]
[Date "2016.10.21"]
[Round "5"]
[White "Kasperkiewicz, Pawel"]
[Black "Sadowski, Miroslaw"]
[Result "1-0"]
[WhiteElo "1908"]
[BlackElo "2100"]
[PlyCount "131"]
[EventDate "2016.09.23"]
[EventType "tourn"]
[EventRounds "13"]
[EventCountry "POL"]
[SourceTitle "EXT 2018"]
[Source "ChessBase"]
[SourceDate "2017.10.13"]
[SourceVersion "1"]
[SourceVersionDate "2017.10.13"]
[SourceQuality "1"]

1. e4 d6 2. d4 Nf6 3. Nc3 e5 4. dxe5 dxe5 5. Qxd8+ Kxd8 6. Nf3 Bd6 7. Bg5 Be6 8. 0-0-0 Nbd7 9. Nd2 h6 10. Bh4 Ke7 11. Nc4 Rhd8 12. Be2 Bxc4 13. Bxc4 Nb6 14. Bb3 g5 15. Bg3 Nh5 16. Nb5 Nf4 17. Bxf4 gxf4 18. Nxd6 Rxd6 19. Rxd6 cxd6 20. g3 Rg8 21. Kd2 Nd7 22. c3 Nc5 23. Bd5 Ne6 24. b4 b6 25. a4 h5 26. a5 bxa5 27. Ra1 fxg3 28. hxg3 Rc8 29. Rxa5 Rc7 30. Rb5 Rd7 31. Rb8 Rd8 32. Rxd8 Kxd8 33. Bb3 Kd7 34. Bd1 Ng7 35. Kd3 f6 36. Kc4 Ne6 37. Bxh5 Nc7 38. Bf7 Kc6 39. Kd3 Kd7 40. Bc4 Kc6 41. Ke3 Ne8 42. Bf7 Nc7 43. Kf3 Kd7 44. Kg4 Nb5 45. c4 Nd4 46. f4 exf4 47. gxf4 Nc2 48. b5 Nd4 49. Bd5 Ke7 50. Kg3 Kd7 51. Kf2 Kc7 52. Ke3 Nb3 53. Be6 Kd8 54. Bf5 Kc7 55. Kd3 Na5 56. Kd4 Nb7 57. Kd5 Nd8 58. Bh3 Nb7 59. Ke6 Nc5+ 60. Kxf6 Nxe4+ 61. Ke7 Kb6 62. f5 Kc5 63. Bg2 Ng3 64. f6 Nf5+ 65. Ke6 Nh4 66. Be4 1-0

[Event "POL-chT 2nd League"]
[Site "Jastrzebia Gora"]
[Date "2016.09.07"]
[Round "5.67"]
[White "Sadowski, Miroslaw"]
[Black "Paprocki, Jaroslaw"]
[Result "0-1"]
[WhiteElo "2100"]
[BlackElo "2195"]
[PlyCount "106"]
[EventDate "2016.09.03"]
[EventType "team-swiss"]
[EventRounds "9"]
[EventCountry "POL"]
[SourceTitle "EXT 2017"]
[Source "ChessBase"]
[SourceDate "2016.10.25"]
[SourceVersion "1"]
[SourceVersionDate "2016.10.25"]
[SourceQuality "1"]
[WhiteTeam "Zielonka Zieloni"]
[BlackTeam "Bydgoszcz Wiartrak"]
[WhiteTeamCountry "POL"]
[BlackTeamCountry "POL"]

1. d4 Nf6 2. Nf3 e6 3. Bf4 c5 4. e3 cxd4 5. exd4 b6 6. Bd3 Bb7 7. Nbd2 Be7 8. 0-0 0-0 9. h3 d6 10. c3 Nbd7 11. Re1 Qc7 12. Rc1 Rfe8 13. Qe2 Bf8 14. Bg3 a6 15. Ne4 Qc6 16. c4 Nxe4 17. Bxe4 Qxe4 18. Qxe4 Bxe4 19. Rxe4 d5 20. cxd5 Nf6 21. Re2 Nxd5 22. a3 b5 23. Rc6 a5 24. Re1 Red8 25. Bh4 Rd7 26. Rec1 Nf4 27. R1c2 b4 28. Rc8 Rxc8 29. Rxc8 f6 30. axb4 axb4 31. Kh2 Kf7 32. Bg3 Ne2 33. Rc4 g5 34. Bb8 h5 35. g3 g4 36. hxg4 hxg4 37. Nh4 Nxd4 38. Bf4 e5 39. Be3 Ke6 40. Kg2 f5 41. Ng6 Bg7 42. Rxb4 Nf3 43. Kf1 Kf7 44. Nh4 Rd1+ 45. Ke2 Re1+ 46. Kd3 e4+ 47. Kc2 Nxh4 48. gxh4 g3 49. fxg3 Rxe3 50. g4 Re2+ 51. Kd1 Rxb2 52. Rc4 fxg4 53. Rxe4 g3 0-1

[Event "POL-chT 2nd League"]
[Site "Jastrzebia Gora"]
[Date "2016.09.06"]
[Round "4.61"]
[White "Kumala, Aleksander"]
[Black "Sadowski, Miroslaw"]
[Result "1-0"]
[WhiteElo "2211"]
[BlackElo "2100"]
[PlyCount "111"]
[EventDate "2016.09.03"]
[EventType "team-swiss"]
[EventRounds "9"]
[EventCountry "POL"]
[SourceTitle "EXT 2017"]
[Source "ChessBase"]
[SourceDate "2016.10.25"]
[SourceVersion "1"]
[SourceVersionDate "2016.10.25"]
[SourceQuality "1"]
[WhiteTeam "Debica Gryf"]
[BlackTeam "Zielonka Zieloni"]
[WhiteTeamCountry "POL"]
[BlackTeamCountry "POL"]

1. e4 d6 2. d4 g6 3. Nc3 Bg7 4. Be2 Nc6 5. Be3 e5 6. Nf3 Bg4 7. dxe5 dxe5 8. Nd5 Nf6 9. Qd3 Qd7 10. 0-0-0 Nxd5 11. exd5 Bxf3 12. Bxf3 Nd4 13. Bxd4 exd4 14. Rhe1+ Kf8 15. Re4 Bf6 16. h4 Kg7 17. h5 Qd6 18. Rde1 Rhf8 19. R4e2 Rad8 20. Qd2 Qb6 21. Rh1 h6 22. Qd3 g5 23. Rhe1 Rd6 24. Qf5 d3 25. cxd3 Qd4 26. Be4 Rh8 27. Rc2 c6 28. dxc6 bxc6 29. Qc5 Qxc5 30. Rxc5 Rb8 31. Re2 Rb6 32. Rec2 Bd4 33. Rxc6 Rdxc6 34. Bxc6 Kf6 35. b3 Ke5 36. Kd1 Kd6 37. Be8 f5 38. Re2 Be5 39. Bg6 f4 40. Be4 Rb5 41. Rc2 Rc5 42. b4 Rxc2 43. Kxc2 g4 44. Kb3 Bd4 45. f3 g3 46. Kc4 Bb6 47. a4 Be3 48. Kb5 Kc7 49. a5 Bf2 50. Ka4 Be3 51. b5 Kd6 52. Kb3 Kc7 53. Kc4 Bd2 54. b6+ axb6 55. a6 b5+ 56. Kxb5 1-0

[Event "POL-chT 2nd League"]
[Site "Jastrzebia Gora"]
[Date "2016.09.05"]
[Round "3.43"]
[White "Sadowski, Miroslaw"]
[Black "Fudalej, Michal"]
[Result "0-1"]
[WhiteElo "2100"]
[BlackElo "2211"]
[PlyCount "66"]
[EventDate "2016.09.03"]
[EventType "team-swiss"]
[EventRounds "9"]
[EventCountry "POL"]
[SourceTitle "EXT 2017"]
[Source "ChessBase"]
[SourceDate "2016.10.25"]
[SourceVersion "1"]
[SourceVersionDate "2016.10.25"]
[SourceQuality "1"]
[WhiteTeam "Zielonka Zieloni"]
[BlackTeam "Wroclaw Polonia"]
[WhiteTeamCountry "POL"]
[BlackTeamCountry "POL"]

1. d4 Nf6 2. Nf3 g6 3. Bf4 Bg7 4. Nc3 d5 5. Qd2 0-0 6. 0-0-0 Ne4 7. Nxe4 dxe4 8. Ne5 Qd5 9. c4 Qe6 10. f3 f6 11. Ng4 Qxc4+ 12. Kb1 Bxg4 13. fxg4 Qe6 14. h3 c6 15. e3 Nd7 16. Bc7 Nb6 17. Bxb6 axb6 18. d5 Qe5 19. Bc4 b5 20. Be2 Rfd8 21. Qd4 Rxd5 22. Qxe5 Rxe5 23. Rd7 Bh6 24. Re1 Bxe3 25. Bxb5 cxb5 26. Rxe3 f5 27. Rd4 Ra4 28. b4 Ra6 29. g5 Rd6 30. Rxd6 exd6 31. Kb2 f4 32. Re2 d5 33. Kc3 Rxg5 0-1

[Event "Warsaw-ch opA 66th"]
[Site "Warsaw"]
[Date "2013.05.13"]
[Round "3"]
[White "Sadowski, Miroslaw"]
[Black "Grabarczyk, Miroslaw"]
[Result "0-1"]
[WhiteElo "2148"]
[BlackElo "2470"]
[PlyCount "68"]
[EventDate "2013.05.11"]
[EventType "swiss"]
[EventRounds "9"]
[EventCountry "POL"]
[SourceTitle "CBM 154 Extra"]
[Source "ChessBase"]
[SourceDate "2013.06.25"]
[SourceVersion "2"]
[SourceVersionDate "2013.06.25"]
[SourceQuality "1"]

1. d4 d5 2. Nf3 Nf6 3. Bf4 c5 4. e3 Nc6 5. Be2 Qb6 6. Nc3 a6 7. Na4 Qa5+ 8. c3 cxd4 9. exd4 e6 10. 0-0 Be7 11. h3 0-0 12. b4 Qd8 13. Ne5 Nxe5 14. dxe5 Nd7 15. Bg3 Qc7 16. Qd4 b5 17. Nb2 Bb7 18. a4 bxa4 19. Nxa4 Bc6 20. Rfc1 Rfc8 21. Bf1 Bb5 22. Bf4 Qc6 23. Nb2 Bxf1 24. Kxf1 a5 25. Kg1 Qb5 26. Qd3 Qb8 27. Qd4 axb4 28. cxb4 Rxa1 29. Rxa1 Bxb4 30. Qa7 Nc5 31. Qxb8 Rxb8 32. Ra7 h6 33. Kf1 Bc3 34. Nd1 Bd4 0-1

[Event "Mazowieckie-chT 0506"]
[Site "Poland"]
[Date "2006.01.08"]
[Round "7"]
[White "Sadowski, Miroslaw"]
[Black "Kozerski, Zbigniew"]
[Result "1-0"]
[WhiteElo "2135"]
[BlackElo "2045"]
[PlyCount "57"]
[EventDate "2005.10.09"]
[EventType "team-tourn"]
[EventRounds "9"]
[EventCountry "POL"]
[SourceTitle "EXT 2019"]
[Source "ChessBase"]
[SourceDate "2018.10.10"]
[SourceVersion "1"]
[SourceVersionDate "2018.10.10"]
[SourceQuality "1"]

1. d4 d5 2. Nf3 c6 3. Bf4 e6 4. e3 f5 5. Nbd2 Nf6 6. Be2 Be7 7. Ne5 b6 8. h3 Bb7 9. a3 0-0 10. g4 Nbd7 11. g5 Ne4 12. Nxd7 Qxd7 13. Nf3 c5 14. Ne5 Qe8 15. h4 c4 16. c3 Bc6 17. Bh5 g6 18. Bf3 Ba4 19. Qe2 Kg7 20. Bxe4 fxe4 21. h5 gxh5 22. Rxh5 Rf5 23. Qg4 Qb5 24. g6 h6 25. Rxf5 exf5 26. Qxf5 Rf8 27. Nf7 Bg5 28. Be5+ Kg8 29. Nxh6+ 1-0

[Event "Mazowieckie-chT 0405"]
[Site "Poland"]
[Date "2005.01.23"]
[Round "8"]
[White "Sadowski, Miroslaw"]
[Black "Kosiorek, Marek"]
[Result "0-1"]
[WhiteElo "2171"]
[BlackElo "2345"]
[PlyCount "108"]
[EventDate "2004.10.03"]
[EventType "team-tourn"]
[EventRounds "10"]
[EventCountry "POL"]
[SourceTitle "EXT 2019"]
[Source "ChessBase"]
[SourceDate "2018.10.10"]
[SourceVersion "1"]
[SourceVersionDate "2018.10.10"]
[SourceQuality "1"]

1. d4 d5 2. Nf3 Nf6 3. Bf4 e6 4. e3 Bd6 5. Nbd2 c5 6. Bb5+ Ke7 7. dxc5 Bxc5 8. 0-0 Qb6 9. Qe2 Rd8 10. Bg5 h6 11. Bh4 g5 12. Bg3 Nbd7 13. Ne5 Nxe5 14. Bxe5 Bd7 15. Bd3 Bc6 16. e4 Nxe4 17. Bxe4 dxe4 18. Nxe4 Bxe4 19. Qxe4 Bd4 20. Rad1 Bxe5 21. Qxe5 Rxd1 22. Rxd1 Rd8 23. Rxd8 Qxd8 24. Qe2 Qd5 25. c4 Qd4 26. h3 a5 27. Qc2 b6 28. Kf1 Kd6 29. Qb3 f5 30. Ke2 f4 31. Qa3+ Ke5 32. Qb3 Kd6 33. Qa3+ Kc6 34. Qa4+ Kc7 35. Qc2 Kd6 36. Qb3 e5 37. f3 h5 38. Qa3+ Kc6 39. Qa4+ Kd6 40. Qa3+ Ke6 41. Qb3 Kf6 42. Qb5 g4 43. h4 gxf3+ 44. gxf3 Qe3+ 45. Kd1 Qxf3+ 46. Kc2 Qf2+ 47. Kc3 Qe3+ 48. Kc2 Qc5 49. Qe8 Qxc4+ 50. Kd2 Qd4+ 51. Ke2 Qxb2+ 52. Kf3 Qa3+ 53. Ke4 Qe3+ 54. Kd5 Qd4+ 0-1

[Event "Mazowieckie-chT 0405"]
[Site "Poland"]
[Date "2004.11.21"]
[Round "4"]
[White "Sadowski, Miroslaw"]
[Black "Runowiecki, Tadeusz"]
[Result "1/2-1/2"]
[WhiteElo "2171"]
[BlackElo "2065"]
[PlyCount "67"]
[EventDate "2004.10.03"]
[EventType "team-tourn"]
[EventRounds "10"]
[EventCountry "POL"]
[SourceTitle "EXT 2019"]
[Source "ChessBase"]
[SourceDate "2018.10.10"]
[SourceVersion "1"]
[SourceVersionDate "2018.10.10"]
[SourceQuality "1"]

1. e4 g6 2. d4 Bg7 3. Nf3 c5 4. dxc5 Qa5+ 5. Nbd2 Qxc5 6. Bd3 d6 7. 0-0 Nf6 8. h3 0-0 9. Nb3 Qc7 10. Re1 Nc6 11. c3 b6 12. Bf4 Nd7 13. Nbd4 Nce5 14. Nb5 Qb7 15. Bf1 Nxf3+ 16. Qxf3 a6 17. Na3 Nc5 18. Bc4 Qc7 19. Bd5 Bb7 20. Rad1 Nd7 21. Nc2 Rac8 22. Ne3 Ne5 23. Qe2 b5 24. h4 Rfe8 25. h5 Bxd5 26. Rxd5 Nc4 27. hxg6 fxg6 28. Ng4 Rf8 29. Bg3 Nb6 30. Rdd1 Qc4 31. Qe3 Qc5 32. Qe2 Qc4 33. Qe3 Qc5 34. Qe2 1/2-1/2

[Event "Warsaw-ch"]
[Site "Warsaw"]
[Date "2004.09.24"]
[Round "7"]
[White "Sadowski, Miroslaw"]
[Black "Prus, Marek"]
[Result "1/2-1/2"]
[WhiteElo "2171"]
[BlackElo "1937"]
[PlyCount "34"]
[EventDate "2004.09.18"]
[EventType "swiss"]
[EventRounds "9"]
[EventCountry "POL"]
[SourceTitle "EXT 2008"]
[Source "ChessBase"]
[SourceDate "2007.11.25"]
[SourceVersion "1"]
[SourceVersionDate "2007.11.25"]
[SourceQuality "1"]

1. d4 Nf6 2. Nf3 g6 3. Bf4 Bg7 4. e3 d6 5. h3 0-0 6. Be2 Nc6 7. 0-0 Qe8 8. Nbd2 e5 9. Bh2 e4 10. Ne1 Qe7 11. c4 Ne8 12. Nc2 f5 13. b4 Nd8 14. f3 Nf6 15. Rb1 Nf7 16. Qe1 Bh6 17. Kh1 Bd7 1/2-1/2

[Event "Warsaw-ch"]
[Site "Warsaw"]
[Date "2004.09.23"]
[Round "6"]
[White "Szymanski, Marcin"]
[Black "Sadowski, Miroslaw"]
[Result "1-0"]
[WhiteElo "2415"]
[BlackElo "2171"]
[PlyCount "51"]
[EventDate "2004.09.18"]
[EventType "swiss"]
[EventRounds "9"]
[EventCountry "POL"]
[SourceTitle "EXT 2008"]
[Source "ChessBase"]
[SourceDate "2007.11.25"]
[SourceVersion "1"]
[SourceVersionDate "2007.11.25"]
[SourceQuality "1"]

1. Nf3 d6 2. d4 g6 3. g3 Bg7 4. Bg2 e5 5. dxe5 dxe5 6. Qxd8+ Kxd8 7. Nc3 Ne7 8. Be3 a6 9. Ng5 Ke8 10. Nd5 Nxd5 11. Bxd5 f5 12. Bc5 Rf8 13. Bxf8 Bxf8 14. Nxh7 Bg7 15. Ng5 Nc6 16. Ne6 Bxe6 17. Bxe6 Nd4 18. Bb3 e4 19. c3 Nb5 20. Ba4 Ke7 21. Bxb5 axb5 22. Kd2 c5 23. Kc2 Ra4 24. a3 Rc4 25. Rhd1 Ke6 26. Rd8 1-0

[Event "Warsaw Cup"]
[Site "Warsaw"]
[Date "1999.??.??"]
[Round "?"]
[White "Sadowski, Miroslaw"]
[Black "Wronicz, Stefan"]
[Result "1/2-1/2"]
[WhiteElo "2180"]
[BlackElo "1990"]
[PlyCount "153"]
[EventDate "1999.??.??"]
[EventType "swiss"]
[EventRounds "4"]
[EventCountry "POL"]
[SourceTitle "EXT 2004"]
[Source "ChessBase"]
[SourceDate "2003.11.25"]
[SourceVersion "1"]
[SourceVersionDate "2003.11.25"]
[SourceQuality "1"]

1. d4 d5 2. Nf3 Nf6 3. Bf4 Bf5 4. e3 e6 5. Bd3 Bxd3 6. Qxd3 Bd6 7. Qb5+ Nbd7 8. Bxd6 cxd6 9. 0-0 Qb6 10. Nc3 a6 11. Qxb6 Nxb6 12. Nd2 Rc8 13. Rfc1 Ke7 14. Ne2 Rc7 15. c3 Rhc8 16. f3 Nc4 17. Nxc4 dxc4 18. e4 d5 19. e5 Nd7 20. a4 Rb8 21. f4 g6 22. g4 b5 23. axb5 axb5 24. Ng3 b4 25. f5 bxc3 26. bxc3 Rb2 27. Ra8 Rcb7 28. f6+ Nxf6 29. exf6+ Kxf6 30. Rf1+ Kg7 31. Raa1 Rc2 32. Rac1 Ra2 33. Rf2 Ra3 34. g5 Rbb3 35. Rcf1 f5 36. gxf6+ Kf7 37. Ne2 Rb2 38. Kg2 Raa2 39. Ng1 Rxf2+ 40. Rxf2 Rxf2+ 41. Kxf2 Kxf6 42. Nf3 Kf5 43. Ke3 g5 44. Ne5 h5 45. h3 g4 46. h4 Kf6 47. Kf4 Ke7 48. Kg5 g3 49. Kf4 g2 50. Nf3 Kf6 51. Kg3 Kf5 52. Kxg2 Ke4 53. Kf2 Kd3 54. Ne5+ Kxc3 55. Ke3 Kb2 56. Ke2 Kc3 57. Nf3 Kb2 58. Ne1 Kc3 59. Ke3 Kb2 60. Kd2 Kb3 61. Nc2 Kb2 62. Ne3 Kb3 63. Nd1 Kb4 64. Kc2 Kb5 65. Ne3 Kc6 66. Ng2 Kd6 67. Nf4 e5 68. dxe5+ Kxe5 69. Nxh5 Kf5 70. Ng3+ Kg4 71. h5 Kg5 72. Kc3 Kh6 73. Kd4 Kg5 74. Kxd5 c3 75. Kd4 c2 76. Ne2 Kxh5 77. Kc3 1/2-1/2

[Event "Warsaw Cup"]
[Site "Warsaw"]
[Date "1999.??.??"]
[Round "?"]
[White "Wronicz, Stefan"]
[Black "Sadowski, Miroslaw"]
[Result "1-0"]
[WhiteElo "1990"]
[BlackElo "2180"]
[PlyCount "111"]
[EventDate "1999.??.??"]
[EventType "swiss"]
[EventRounds "4"]
[EventCountry "POL"]
[SourceTitle "EXT 2004"]
[Source "ChessBase"]
[SourceDate "2003.11.25"]
[SourceVersion "1"]
[SourceVersionDate "2003.11.25"]
[SourceQuality "1"]

1. e4 g6 2. d4 Bg7 3. f4 d6 4. c4 Nc6 5. d5 Nd4 6. Nc3 c5 7. Qd3 Nf6 8. Nf3 Qb6 9. Nxd4 cxd4 10. Nb5 Nd7 11. a4 a6 12. a5 Qc5 13. Na3 Qxa5+ 14. Bd2 Qc7 15. Nb5 Qb6 16. Ra3 Nc5 17. Qb1 Qd8 18. b4 Nd7 19. Qa1 0-0 20. Nxd4 Rb8 21. Bc3 Nf6 22. e5 Ng4 23. h3 Ne3 24. Bb2 Nf5 25. Nxf5 Bxf5 26. Be2 Qb6 27. Bc3 Rfe8 28. Qb2 Be4 29. Bd4 Qd8 30. 0-0 e6 31. dxe6 Rxe6 32. Bg4 Re8 33. exd6 Bxd4+ 34. Qxd4 f5 35. Bf3 Qd7 36. Re3 Rbd8 37. c5 Qc6 38. Bxe4 Rxe4 39. Rxe4 Qxe4 40. Qxe4 fxe4 41. Kf2 Kf7 42. Ke3 Re8 43. Rd1 Rc8 44. Kxe4 Re8+ 45. Kd5 Re2 46. g4 Ke8 47. Rd4 Kd7 48. f5 gxf5 49. gxf5 Rf2 50. Ke5 Rb2 51. f6 Re2+ 52. Kf5 Rf2+ 53. Rf4 Rxf4+ 54. Kxf4 Ke6 55. Kg5 h6+ 56. Kg6 1-0